Social contract, free ride (Record no. 205093)
[ view plain ]
| 000 -LEADER | |
|---|---|
| fixed length control field | 01802nam a2200373 a 4500 |
| 082 04 - DEWEY DECIMAL CLASSIFICATION NUMBER | |
| Classification number | 320.1/1 |
| 100 1# - MAIN ENTRY--AUTHOR NAME | |
| Personal name | De Jasay, Anthony, |
| 245 10 - TITLE STATEMENT | |
| Title | Social contract, free ride |
| 260 ## - PUBLICATION, DISTRIBUTION, ETC. (IMPRINT) | |
| Place of publication | Indianapolis, Ind. : |
| Name of publisher | Liberty Fund, |
| Year of publication | [2008] |
| 300 ## - PHYSICAL DESCRIPTION | |
| Number of Pages | vii, 276 p. : |
| Other physical details | ill. |
| 500 ## - GENERAL NOTE | |
| General note | Originally published: Oxford [England] : Clarendon Press ; New York : Oxford University Press, 1989. |
| 505 0# - FORMATTED CONTENTS NOTE | |
| Formatted contents note | Commitment to co-operation -- Promise, performance, and enforcement -- State-of-nature co-ordination -- Social contract -- Social choice -- The foundations of voluntariness -- Constructive risk -- An ethics turnpike -- The unfairness of anarchy -- The return of the free rider. |
| 650 #0 - SUBJECT ADDED ENTRY--TOPICAL TERM | |
| Topical Term | Public goods. |
| Topical Term | Social contract. |
| 856 40 - ELECTRONIC LOCATION AND ACCESS | |
| Uniform Resource Identifier | http://site.ebrary.com/lib/rucke/Doc?id=10613483 |
No items available.
